| 000 | 00555nam a2200229Ia 4500 | ||
|---|---|---|---|
| 003 | OSt | ||
| 005 | 20230331162619.0 | ||
| 008 | 210423s2003 xx 000 0 und d | ||
| 020 | _a8170338182 | ||
| 040 | _cAL | ||
| 041 | _aeng | ||
| 082 | _a338.7 GUPA | ||
| 100 |
_aGUPTA (A C) _981195 |
||
| 245 | _aBusiness economics | ||
| 260 |
_aJaipur _bRawat Publications _c2003 |
||
| 300 |
_avi,279 _bHB |
||
| 365 |
_b550 _cINR |
||
| 650 |
_aBusiness Economics _981196 |
||
| 650 |
_aEconomics _981197 |
||
| 906 | _aBusiness ; economics | ||
| 942 |
_2ddc _cBK |
||
| 999 |
_c157747 _d157747 |
||